000 00328nam a2200133Ia 4500
008 240624s9999 xx 000 0 und d
041 _aeng
082 _a658.84 KUM
100 _aKUMAR ASEEM
245 _aEXPORT AND IMPORT MANAGEMENT
260 _c2007
_aNew Delhi
_bExcel Books
300 _a317 : p. : cm. ; 24
365 _cRS
999 _c21172
_d21172